000 00993cam a22003257a 4500
003 CHAP
005 20220817041142.0
008 971013s1992 r 00010 d
010 _a7510
011 _a8482
035 _a7711
040 _cCHAP
082 _a631.87
_bF36Y
110 _aFAO
245 0 _aManejo del suelo
_b: producción y uso del composte en ambientes tropicales y subtropicales
260 _aRoma :
_bFAO,
_c1992
300 _a178 p.
_b: ilus.
490 0 _aFAO. Boletín de suelos
_v; 56
590 _aBATCH-UPD
_b10
_c20130110
_lUCH01
_h1442
590 _aBATCH-UPD
_b10
_c20130410
_lUCH01
_h0913
590 _aBATCH-UPD
_b10
_c20130914
_lUCH01
_h1020
590 _aCONVERSION
_b10
_c20130109
_lUCH01
_h1305
650 1 4 _aCompost.
_926105
650 1 4 _aSuelos
_xFertilidad.
_9110367
700 0 _aDalzell, H. W.
_930981
830 0 _aFAO. Boletín de suelos
_v; 56
_939455
901 _aBK
942 _cLIBRO
949 _a631.87 F36Y
_bBC
_cFAO
_d-17541
_eFAO1
_h82946
_i7711
_si
999 _c7510
_d7510